000 03697nam a22002897a 4500
003 DO-SdBNP
005 20210430112334.0
008 171018b 2012 dr| 00| 0 spa d
040 _aBNPHU
_bspa
_cBNPHU
082 _a343.729304
_bR426c, 2012
_222
110 2 _a República Dominicana
245 1 0 _aCódigo tributario anotado de la República Dominicana y legislación complementaria /
_cprólogo Guillermo Quiñones Hernández
260 _aSanto Domingo :
_bFundación Pellerano & Herrera,
_c2012
300 _a669 p. :
_c23 cm.
505 0 _aDe las formas generales, procedimientos y sanciones tributarias -- Disposiciones generales -- Sujetos pasivos de la obligación tributaria -- Modos de extinción de la obligación tributaria -- Incumplimiento de la obligación tributaria -- Privilegios y garantías del crédito tributario -- De la administración tributaria -- Deberes formales -- De las actuaciones y notificaciones de la administración tributaria -- De los recursos dentro de la administración -- Procedimientos administrativos especiales -- Del contencioso tributario -- De los apremios, infracciones y sanciones -- De las infracciones tributarias -- Disposiciones especiales -- Impuesto sobre la renta -- Sujeto y objeto del impuesto -- Fuente de las rentas -- De la renta gravada -- Ganancias y pérdidas de capital artículo.- ganancias de capital -- Disposiciones diversas -- Tasas del impuesto -- Exenciones generales -- Imputación de rentas y gastos al año fiscal -- Retenciones en la fuente -- Obligaciones de los agentes de retención e información -- Anticipos -- Créditos contra el impuesto determinado -- Impuesto sobre retribuciones complementarias -- Reorganización de sociedades -- De la cesación de negocios -- Ajustes por inflación -- Declaraciones juradas, plazos, forma y pago -- De los reembolsos -- Impuestos sobre transferencias de bienes indutrializados y servicios -- Establecimiento del impuesto, contribuyentes. Nacimiento de la obligación tributaria -- Base imponible y tasa -- Exenciones -- Determinación del impuesto -- Administración, registro, período fiscal y declaración jurada, pago, documentación y registros contables -- Disposiciones varias -- Del impuesto selectivo al consumo -- Objeto -- Definiciones -- De las exenciones -- De la base imponible -- De la liquidación y el pago del impuesto -- Registros y documentación requeridos -- De las normas especiales para alcoholes y tabaco -- Administración de éste impuesto -- Disposiciones transitorias -- Relación de insumos, equipos y maquinarias agropecuarias exentos del recargo cambiario -- Contenido de los comprobantes fiscales.
505 0 _aImpresión de los comprobantes fiscales -- Procedimiento para la solicitud de emisión de comprobantes fiscales -- Del régimen sancionatorio -- Disposiciones transitorias -- Definiciones -- Procedimiento simplificado de tributación para el sector comercial e industrias pequeñas estimación basada en compras -- Porcentaje para determinar el ingreso bruto (aplicar sobre compras) -- Porcentaje para determinar la renta neta imponible (aplicar sobre ingresos brutos -- Procedimiento simplificado de tributación -- Procedimiento basado en ingresos que no superen RD $6.532.800.00 -- Disposiciones generales.
590 _6Inventariado, 2021/VM
650 4 _aDerecho fiscal
_xLegislación
_zRepública Dominicana
650 4 _aImpuestos sobre la renta
650 4 _aImpuesto al consumo
650 4 _aLeyes
_zRepública Dominicana
700 1 _aQuiñones Hernández, Guillermo
_epról.
910 _aVMateo
942 _2ddc
_cBK
945 _aInventariado / 2017 VM
956 _aBTAVAREZ
_b10
_c20171018
_d0038
999 _c12630
_d12630